Essentials of comparative politics / (Record no. 17555)
[ view plain ]
| 000 -LEADER | |
|---|---|
| fixed length control field | 01022nam a22003011i 4500 |
| 001 - CONTROL NUMBER | |
| control field | 016232028 |
| 003 - CONTROL NUMBER IDENTIFIER | |
| control field | Uk |
| 005 - DATE AND TIME OF LATEST TRANSACTION | |
| control field | 20130926120906.0 |
| 008 - FIXED-LENGTH DATA ELEMENTS--GENERAL INFORMATION | |
| fixed length control field | 130726s2013 nyuab 001 0 eng d |
| 015 ## - NATIONAL BIBLIOGRAPHY NUMBER | |
| National bibliography number | GBB378056 |
| 020 ## - INTERNATIONAL STANDARD BOOK NUMBER | |
| International Standard Book Number | 9780393920741 (paperback) |
| 020 ## - INTERNATIONAL STANDARD BOOK NUMBER | |
| International Standard Book Number | 0393920747 |
| 082 04 - DEWEY DECIMAL CLASSIFICATION NUMBER | |
| Classification number | 320.3 |
| Edition number | 23 |
| Item number | ONE |
| 100 1# - MAIN ENTRY--PERSONAL NAME | |
| Personal name | O'Neil, Patrick H., |
| Dates associated with a name | 1966- |
| Relator term | author. |
| 9 (RLIN) | 33756 |
| 245 10 - TITLE STATEMENT | |
| Title | Essentials of comparative politics / |
| Statement of responsibility, etc | Patrick H. O'Neil ; editor: Ann Shin. |
| 250 ## - EDITION STATEMENT | |
| Edition statement | Fourth edition, International student edition. |
| 260 ## - PUBLICATION, DISTRIBUTION, ETC. (IMPRINT) | |
| Place of publication, distribution, etc | New York : |
| Name of publisher, distributor, etc | W. W. Norton & Company, |
| Date of publication, distribution, etc | [2013] |
| 300 ## - PHYSICAL DESCRIPTION | |
| Extent | 1 volume (various pagings) : |
| Other physical details | illustrations (black and white, and colour), maps (colour) ; |
| Dimensions | 23 cm |
| 500 ## - GENERAL NOTE | |
| General note | Includes index. |
| 650 #0 - SUBJECT ADDED ENTRY--TOPICAL TERM | |
| Topical term or geographic name as entry element | Comparative government. |
| 9 (RLIN) | 33757 |
| 650 #0 - SUBJECT ADDED ENTRY--TOPICAL TERM | |
| Topical term or geographic name as entry element | State, The. |
| 9 (RLIN) | 33758 |
| 650 #0 - SUBJECT ADDED ENTRY--TOPICAL TERM | |
| Topical term or geographic name as entry element | Capitalism. |
| 9 (RLIN) | 33759 |
| 650 #0 - SUBJECT ADDED ENTRY--TOPICAL TERM | |
| Topical term or geographic name as entry element | Democracy. |
| 9 (RLIN) | 33760 |
| 650 #0 - SUBJECT ADDED ENTRY--TOPICAL TERM | |
| Topical term or geographic name as entry element | Post-communism. |
| 9 (RLIN) | 23801 |
| 653 ## - INDEX TERM--UNCONTROLLED | |
| Resource For college | |
| Arrived date list | September2013 |
| 700 1# - ADDED ENTRY--PERSONAL NAME | |
| Personal name | Shin, Ann |
| Titles and other words associated with a name | (Editor), |
| Relator term | editor. |
| 9 (RLIN) | 33761 |
| 942 ## - ADDED ENTRY ELEMENTS (KOHA) | |
| Source of classification or shelving scheme | Dewey Decimal Classification |
| Item type | Book - Borrowing |
| Withdrawn status | Item status | Source of classification or shelving scheme | Damaged status | Not for loan | Vendor | Home library | Current library | Shelving location | Date acquired | Source of acquisition | Total Checkouts | Total Renewals | Full call number | Barcode | Date last seen | Date last borrowed | Koha item type |
|---|---|---|---|---|---|---|---|---|---|---|---|---|---|---|---|---|---|
| Dewey Decimal Classification | Baccah | Central Library | Central Library | First floor | 26/09/2013 | 17 | 57 | 320.3 ONE | 000029007 | 15/02/2026 | 08/02/2026 | Book - Borrowing | |||||
| Dewey Decimal Classification | Baccah | Central Library | Central Library | First floor | 26/09/2013 | 12 | 134 | 320.3 ONE | 000029008 | 14/05/2026 | 21/02/2026 | Book - Borrowing | |||||
| Dewey Decimal Classification | Baccah | Central Library | Central Library | First floor | 26/09/2013 | 3 | 12 | 320.3 ONE | 000029009 | 15/07/2025 | 08/10/2013 | NB - Book (Non borrowing) |